000 00301nam a22001337a 4500
008 180924b xxu||||| |||| 00| 0 eng d
020 _a0534133681
041 _aeng
080 _a573
100 _a11
101 _aBIO
245 _aBiology Concept And Applications
_cStarr.c
942 _2udc
_cBK
999 _c48303
_d48303